Οργανωτική συμπεριφορά
Αποθηκεύτηκε σε:
| Κύριος συγγραφέας: | |
|---|---|
| Μορφή: | Βιβλίο |
| Γλώσσα: | Greek |
| Δημοσίευση: |
Αθήνα :
Ίων/Εκδόσεις Έλλην,
c1999
|
| Θέματα: | |
| Ετικέτες: |
Προσθήκη ετικέτας
Δεν υπάρχουν, Καταχωρήστε ετικέτα πρώτοι!
|
MARC
| LEADER | 00000cam a2200000 i 4500 | ||
|---|---|---|---|
| 001 | 1/44324 | ||
| 008 | 140314s1999 gre d | ||
| 020 | |a 960-286-381-1 | ||
| 035 | |l 10117104 | ||
| 040 | |a GR-MY-UA |b gre |e aacr | ||
| 041 | 0 | |a gre | |
| 082 | 0 | |a 658 |2 (22) | |
| 100 | 1 | |a Ζαβλανός, Μύρων Μ. | |
| 245 | 1 | 0 | |a Οργανωτική συμπεριφορά / |c Μύρων Μ. Ζαβλανός |
| 260 | |a Αθήνα : |b Ίων/Εκδόσεις Έλλην, |c c1999 | ||
| 300 | |a 410 σ.; |c 24 εκ. | ||
| 504 | |a Περιλαμβάνει βιβλιογραφίες | ||
| 650 | 0 | 0 | |a Organizational behavior. |
| 852 | |a INST |b LEMNOS |e 20140314 |h 658 ΖΑΒ |p 005600000977 |q 005600000977 |t BK |y 0 | ||
| 901 | |a BIBL6-2014-1 | ||
| 909 | |a Μ |b 161246 | ||
| 922 | |a 6ΕΛΗ | ||
| 970 | |a ΜΟΣΧΟΒΗ |b ΕΥΑΓΓΕΛΙΑ |z 2014/03/14 | ||